000 01190nam a2200325Ia 4500
001 Z_6757
003 CHAP
005 20230905164511.0
008 220113s2014 xx 000 0 und d
010 _a170033
040 _cCHAP
090 _aTesis V35 2434
100 _aValdés López, Armando
_9127436
245 _aUso de tecnologías de la información y comunicación en la gestión de la innovación /
_cArmando Valdés López
260 _aMéxico :
_bEl autor,
_c2014
300 _aCD
502 _aTesis (Ingeniero Agrónomo Especialista en Zootecnia) -- UACh, 2014 \ Dirección: Jorge Aguilar Avila; asesoría: Norman Aguilar Gallegos y Jorge Luis Castrellón Montelongo
650 _aBrecha digital
_9145846
650 _aGestión del conocimiento
_9127769
650 _aSociedad de la informacion
_9145847
700 _a Aguilar Gallegos, Norman, asesor
_9145519
700 _a Castrellón Montelongo, Jorge Luis, asesor
_9144349
700 _aAguilar Avila, Jorge, director
_9145520
856 4 2 _uhttp://10.13.5.2/tesis/sist110042.pdf
_yDescargar PDF
901 _aTESIS V35 2434
902 _aM
910 _a2014
942 _c2
_2ddc
942 _c2
_2ddc
999 _c170033
_d170033